00521pab a2200157 454500008004000000100001900040245009300059260000900152300001500161650002000176773002600196908000600222909001100228999001900239952010500258180718b2013 xxu||||| |||| 00| 0 eng d aBurnell, Peter aDemocratisation in the middle east and north africa: Perspectives from democracy support c2013 ap.838-855. aDemocratization aThird World Quarterly aN a100974 c100973d100973 00104070aIIPAbIIPAd2018-07-19hVolume no: 34, Issue no: 5pAR101434r2018-07-19w2018-07-19yAR